<?xml version="1.0" encoding="UTF-8"?>
<collection xmlns:xsi="http://www.w3.org/2001/XMLSchema-instance" xsi:schemaLocation="http://www.loc.gov/MARC21/slim http://www.loc.gov/standards/marcxml/schema/MARC21slim.xsd" xmlns="http://www.loc.gov/MARC21/slim">
 <record>
  <leader>00000cam a22000004a 4500</leader>
  <controlfield tag="001">UP-99796217610931761</controlfield>
  <controlfield tag="003">Buklod</controlfield>
  <controlfield tag="005">20130902160139.0</controlfield>
  <controlfield tag="006">aa    r     ||| u </controlfield>
  <controlfield tag="007">ta</controlfield>
  <controlfield tag="008">060501s2007    enka    rb   |001 0|eng d</controlfield>
  <datafield tag="020" ind1=" " ind2=" ">
   <subfield code="a">9781848444737</subfield>
  </datafield>
  <datafield tag="020" ind1=" " ind2=" ">
   <subfield code="a">1848444737</subfield>
  </datafield>
  <datafield tag="035" ind1=" " ind2=" ">
   <subfield code="a">(iLib)UPD-00205804101</subfield>
  </datafield>
  <datafield tag="040" ind1=" " ind2=" ">
   <subfield code="a">DECON</subfield>
  </datafield>
  <datafield tag="041" ind1="0" ind2=" ">
   <subfield code="a">eng</subfield>
  </datafield>
  <datafield tag="042" ind1=" " ind2=" ">
   <subfield code="a">DMLUC</subfield>
  </datafield>
  <datafield tag="090" ind1=" " ind2=" ">
   <subfield code="a">HG 3368 A6</subfield>
   <subfield code="b">H35 2007</subfield>
  </datafield>
  <datafield tag="245" ind1="0" ind2="0">
   <subfield code="a">Handbook of Islamic banking</subfield>
   <subfield code="c">edited by M. Kabir Hassan, Mervyn K. Lewis.</subfield>
  </datafield>
  <datafield tag="264" ind1=" " ind2="1">
   <subfield code="a">Cheltenham, UK</subfield>
   <subfield code="b">Edward Elgar</subfield>
   <subfield code="c">c2007.</subfield>
  </datafield>
  <datafield tag="300" ind1=" " ind2=" ">
   <subfield code="a">xviii, 443 p.</subfield>
   <subfield code="b">ill.</subfield>
  </datafield>
  <datafield tag="490" ind1="0" ind2=" ">
   <subfield code="a">Elgar original reference</subfield>
  </datafield>
  <datafield tag="505" ind1="0" ind2=" ">
   <subfield code="a">Islamic banking : an introduction and overview / M. Kabir  Hassan, Mervyn K. Lewis -- Development of Islamic economic and social thought / Masudul Alam Choudhury -- Islamic  critique of conventional financing / Latifa M. Algaoud,  Mervyn K. Lewis -- Profit-and-loss sharing contracts in  Islamic finance / Abbas Mirakhor, Iqbal Zaidi -- Comparing Islamic and Christian attitudes to usury / Mervyn K. Lewis -- Incentive compatibility of Islamic financing / Humayon  A. Dar -- Operational efficiency and performance of  Islamic banks / Kym Brown, M. Kabir Hassan, Michael Skully -- Marketing Islamic financial products / Said M.  Elfakhani, Imad J. Zbib, Zafar U. Ahmed -- Governance of  Islamic banks / Volker Nienhaus -- Risk management in  Islamic banking / Habib Ahmed, Tariqullah Khan -- Islamic  money market instruments / Sam R. Hakim -- Trade financing in Islam / Ridha Saadallah -- Securitization in Islam /  Mohammed Obaidullah -- Islamic project finance / Michael  J.T. McMillen -- Islam and speculation in the stock  exchange / Seif El-Din Tag El-Din, M. Kabir Hassan --  Islamic mutual funds / Said M. Elfakhani, M. Kabir Hassan, Yusuf M. Sidani -- Islamic banks and economic development  / Monzer Kahf -- Islamic methods for government borrowing  and monetary management / M. Fahim Khan -- Accounting standards for Islamic financial  services / Simon Archer, Rifaat Ahmed Abdel Karim --  Mutualization of Islamic banks / Mahmoud A. El-Gamal --  Challenges facing the Islamic financial industry / M.Umer  Chapra -- International Islamic financial institutions /  Munawar Iqbal -- Islamic financial centres / Ricardo Baba  -- Islamic banking and the growth of takaful / Mohd Ma'sum Billah -- Islamic banking in the west / Rodney Wilson.</subfield>
  </datafield>
  <datafield tag="650" ind1="1" ind2="0">
   <subfield code="a">Banks and banking</subfield>
   <subfield code="x">Religious aspects</subfield>
   <subfield code="x">Islam.</subfield>
  </datafield>
  <datafield tag="650" ind1=" " ind2="0">
   <subfield code="a">Banks and banking</subfield>
   <subfield code="z">Islamic countries.</subfield>
  </datafield>
  <datafield tag="700" ind1="1" ind2=" ">
   <subfield code="a">Hassan, M. Kabir.</subfield>
  </datafield>
  <datafield tag="700" ind1="1" ind2=" ">
   <subfield code="a">Lewis, Mervyn K.</subfield>
  </datafield>
  <datafield tag="856" ind1="4" ind2="2">
   <subfield code="3">Table of contents only</subfield>
   <subfield code="u">http://www.loc.gov/catdir/toc/ecip0619/2006026360.html</subfield>
  </datafield>
  <datafield tag="905" ind1=" " ind2=" ">
   <subfield code="a">FO</subfield>
  </datafield>
  <datafield tag="950" ind1=" " ind2=" ">
   <subfield code="a">Monograph</subfield>
  </datafield>
  <datafield tag="852" ind1="0" ind2=" ">
   <subfield code="a">UPD</subfield>
   <subfield code="b">DECON</subfield>
   <subfield code="h">HG 3368 A6</subfield>
   <subfield code="i">H35 2007</subfield>
  </datafield>
  <datafield tag="942" ind1=" " ind2=" ">
   <subfield code="a">Book</subfield>
  </datafield>
 </record>
</collection>
